000 01325cam a22003011i 4500
003 SA-RiAUC
005 20260419144937.0
008 260418s2007 su g 000 0 ara c
020 _a9960573028
040 _aSA-JeALM
_bara
_cSA-RiAUC.
_erda
082 0 4 _a809.9
_qSA-RiAUC
090 _a809.9
_bر ب ي
100 1 _aالربيع، محمد بن عبد الرحمن بن حمد،
_d1366 هجري-
_eمؤلف.
245 1 2 _aالتواصل بين آداب الشعوب الإسلامية وتأثير الأدب العربي واللغة العربية في تلك الآداب /
_c‏محمد عبد الرحمن الربيع.
250 _aالطبعة الثانية.
264 1 _aالرياض :
_bجامعة الملك عبدالعزيز،
_c‏2007‏
264 3 _aالرياض :
_b‏مطابع الحميضي
300 _a208 صفحة ؛‏
_c23 سم
336 _aنص
_btxt
_2rdacontent
_3كتاب
337 _aبدون وسيط
_bn
_2rdamedia
338 _aمجلد
_bnc
_2rdacarrier
650 7 _aالأدب الإسلامي
_xتاريخ ونقد
_2aucsh
650 7 _aالأدب العربي
_xتاريخ ونقد
_2aucsh
650 7 _aاللغة العربية
_xتاريخ
_2aucsh
650 7 _aالأدب المقارن
_2aucsh
942 _2ddc
_cBOOK
_n0
949 _aSA-JeALM
_d260418
_umohamedma123
_n1
999 _c14841
_d14841